header

Advances in scalable web information integration and service (Record no. 14348)

MARC details
000 -LEADER
fixed length control field 02027nam a2200409Ia 4500
245 10 - TITLE STATEMENT
Title Advances in scalable web information integration and service
260 ## - PUBLICATION, DISTRIBUTION, ETC. (IMPRINT)
Place of publication New Jersey :
Name of publisher World Scientific,
Year of publication c2007.
300 ## - PHYSICAL DESCRIPTION
Number of Pages ix, 115 p. :
Other physical details ill.
500 ## - GENERAL NOTE
General note "This first workshop was organized in conjunction with the 12th International Conference on Database Systems for Advanced Applications (DASFAA2007) held in Bangkok, Thailand."--P. vii.
650 #0 - SUBJECT ADDED ENTRY--TOPICAL TERM
Topical Term Web services
Topical Term Semantic Web
Topical Term Information retrieval
Topical Term Data mining
Topical Term Internet searching
700 1# - ADDED ENTRY--PERSONAL NAME
Personal name Masunaga, Y.
856 40 - ELECTRONIC LOCATION AND ACCESS
Uniform Resource Identifier http://site.ebrary.com/lib/rucke/Doc?id=10255925

No items available.

© 2026 Rongo University
Contact us: librarian | system librarian | Rongo university